Právne predpoklady pre vykonateľnosť platobného výmeru
Platobný výmer je podstatným rozhodnutím v daňovom konaní, nakoľko sa ním správcom dane vyrubuje výška daňovej platby, musí byť doručený výhradne daňovému subjektu a následne začne plynúť odvolacia lehota. Právoplatnosť a vykonateľnosť platobného výmeru.
Salvato in:
| Autore principale: | |
|---|---|
| Natura: | Capitolo di libro |
| Lingua: | slovacco |
| Soggetti: | |
| Tags: |
Nessun Tag, puoi essere il primo ad aggiungerne!!
|
MARC
| LEADER | 00000naa a2200000 4500 | ||
|---|---|---|---|
| 001 | 0283276 | ||
| 005 | 20220905111010.5 | ||
| 041 | 0 | |a slo | |
| 044 | |a SK | ||
| 245 | 1 | 0 | |a Právne predpoklady pre vykonateľnosť platobného výmeru |c Ladislav Hrtánek |
| 520 | |a Platobný výmer je podstatným rozhodnutím v daňovom konaní, nakoľko sa ním správcom dane vyrubuje výška daňovej platby, musí byť doručený výhradne daňovému subjektu a následne začne plynúť odvolacia lehota. Právoplatnosť a vykonateľnosť platobného výmeru. | ||
| 610 | 2 | 0 | |a konanie daňové |
| 610 | 2 | 0 | |a dane |
| 610 | 2 | 0 | |a správa daňová |
| 610 | 2 | 0 | |a povinnosť daňová |
| 610 | 2 | 0 | |a zákony |
| 100 | 1 | |a Hrtánek, Ladislav | |